00790nam a2200241Ia 4500003000400000005001700004008004100021020002200062040000700084041001200091082001800103100002700121245005200148260003300200300001500233365001300248650001600261650003800277906005600315942001200371999001900383952014600402OSt20251030192213.0210423s2010 xx 000 0 und d a978-81-910085-5-5 cAL aEnglish a344.01 bSRIT aSrivastava A K9122019 aTribal labour law employment and administration aNew DelhibKunal Booksc2010 avi,279bPB b850cINR aLaw9122020 aSocial Labour Welfare Law9122021 aadministration ; employment ; labour ; law ; Tribal 2ddccBK c176275d176275 001040708MSWaSACPGbSACPGd2013-12-27eKnowledge Worldg850.00l1o344.01 SRITpPG022979r2025-12-16 09:21:49s2025-12-16w2021-04-26yBK